000 00272nam a22001217a 4500
003 SGT
082 _a823.92
_bMAR
100 _aMARTIN GEORGER R
245 _aA DANCE WITH DRAGONS GAME OF THRONES
260 _aU.K
_bHARPER PUB
_c2014
300 _a493
942 _2ddc
_cBK
999 _c33548
_d33548